书目信息 |
| 题名: |
滦县文史资料
|
|
| 作者: | ;中国人民政治协商会议河北省滦县委员会 | |
| 分册: | 第八辑 | |
| 出版信息: | 石家庄 河北人民出版社 1994.10 |
|
| 页数: | 188 | |
| 开本: | 32 | |
| 丛书名: | ||
| 单 册: | ||
| 中图分类: | K290.224 | |
| 科图分类: | ||
| 主题词: | 中国--地方史 , 中国--地方志 | |
| 电子资源: | ||
| ISBN: | 7-202-01519-6 | |
| 000 | 00767nam0 2200193 450 | |
| 001 | 1760784776 | |
| 005 | 20170418091243.18 | |
| 010 | @a7-202-01519-6@d6 | |
| 100 | @a20170417d km y0chiy0120 ea | |
| 101 | 0 | @achi |
| 200 | 1 | @a滦县文史资料@Aluan xian wen shi zi liao@h第八辑@f中国人民政治协商会议河北省滦县委员会@Fzhong guo ren min zheng zhi xie shang hui yi he bei sheng luan xian wei yuan hui |
| 210 | @a石家庄@c河北人民出版社@d1994.10 | |
| 215 | @a188@d32 | |
| 606 | 0 | @a中国@x地方史 |
| 606 | 0 | @a中国@x地方志 |
| 690 | @aK290.224@v4 | |
| 711 | 02 | @a中国人民政治协商会议河北省滦县委员会@Azhong guo ren min zheng zhi xie shang hui yi he bei sheng luan xian wei yuan hui |
| 801 | 0 | @aCN@b大连网信软件有限公司图书馆·11@c20170418 |
| 905 | @b1001438@dK290.224@e236:8@f1 | |
| 滦县文史资料.第八辑/中国人民政治协商会议河北省滦县委员会.-石家庄:河北人民出版社,1994.10 |
| 188;32 |
| ISBN 7-202-01519-6:6 |
| ● |
| 相关链接 |
|
|
|
|
正题名:滦县文史资料
索取号:K290.224/236:8
 
预约/预借
| 序号 | 登录号 | 条形码 | 馆藏地/架位号 | 状态 | 备注 |
| 1 | 1001438 | 210014385 | 王士立赠书/ [索取号:K290.224/236:8] | 在馆 | |
| 2 | 1050524 | 210505247 | 王士立赠书/ [索取号:K290.224/236:8] | 在馆 |